00891nam a22001817a 4500003000900000008004100009040007100050082001800121110005000139245009900189260002800288300004200316505025500358650001600613650001500629650001500644710005000659AR-CdUCM190410b ||||| |||| 00| 0 spa d aMUNICIPALIDAD PROVINCIAL DEL CUSCOcBIBLIOTECA MUNICIPAL DEL CUSCO a869.57 /bJ84 aCentro Andino de Investigación Pedagógica aII juegos florales magisteriales de la región inka :bColectivizando experiencias docentes / aCusco :bAndina,c1990. a115 paginas ;bIlustraciones,c20 cm. aContenido : Municipalidad y educación -- Adaptación morfo-fisiológica en plantas ornamentales y similares con material casero -- Alternativas de una informática educativa para la región inka -- Una Margarita un eterno recuerdo para Mauro... aEducación aMagisterio aRegio inka aCentro Andino de Investigación Pedagógica